00519nam a2200181Ia 4500003000400000008004100004040001600045082001900061100002600080245009000106700001900196700001800215260003100233300001000264650002000274650001200294650003100306GCL140319s9999 xx 000 0 eng d aGCL / cGCL04a951.24905bB C1 aBERGERE, MARIE-CLAIRE10aLA CHINE AU XX SIECLE: D'UNE REVOLUTION A L'AUTRE 1895-1949 / cBERGERE, MARIE-CLAIRE1 aBIANCO, LUCIEN1 aDAMES, GURGEN a[S.N] : bFAYARD ، c1989 a441 P04aCHINA - HISTORY04aHISTORY04aCHINA - HISTORY, 1895-1949